000 01007nam a22002657a 4500
005 20240530110614.0
008 161031s2015 ua |g b 000 0dara d
017 _a2014/23797
_bمصر. دار الكتب
020 _a9772329984
040 _aEG-CaGPL
_cEG-CaGPL
082 _221
_a327.14\
_bع ح
100 0 _aعلى بن عبدالله بن على الكلبانى
245 1 2 _aالحرب النفسية :
_bحرب الكلمة و الفكر /
_cعلى بن عبدالله بن على الكلبانى
250 _aط. 1
260 _aالقاهرة :
_bعالم الكتب ،
_c2015 .
300 _a328 ص. ؛
_c24 سم .
504 _aيشتمل على ارجاعات ببليوجرافية
650 0 7 _2qrmak
_aعلم النفس السياسى
650 0 7 _2qrmak
_aالحرب النفسية
650 0 7 _2qrmak
_aالدعاية
650 0 7 _2qrmak
_aالاشاعات
650 0 7 _2qrmak
_aالروح المعنوية
942 _2ddc
_cBK
999 _c62922
_d62922